| 000 | 00547nam a2200193Ia 4500 | ||
|---|---|---|---|
| 003 | OSt | ||
| 005 | 20241010161019.0 | ||
| 008 | 210210b1984 xxu||||| |||| 00| 0 eng d | ||
| 040 | _cAL | ||
| 041 | _aKannada | ||
| 082 | _a928K SUNE | ||
| 100 |
_aSUNANDAMMA (T). _dಸುನಂದಮ್ಮ (ಟಿ) _9182118 |
||
| 245 |
_aDr. M Shivaram (Ra Shi). _bಡಾI.ಎಂ ಶಿವರಾಮ್ (ರಾ ಶಿ). |
||
| 260 |
_aBengaluru _bAi Bi Ech Prakashana _c1984 |
||
| 300 | _a46 | ||
| 690 |
_aBiography _9182119 |
||
| 906 | _a038851 | ||
| 942 |
_2ddc _cBK |
||
| 999 |
_c89224 _d89224 |
||